Quick Pick: Andaman Sea Countries Quiz Stats

 Plays Quiz Updated Apr 26, 2020

     
Support Sporcle.
Go Orange.
Score 0/5 Timer 00:30
0 Plays Today
% Correct
Thailand
75.7%
Myanmar
71.1%
Malaysia
68.4%
India
66.7%
Indonesia
66.1%

Today's Daily Dose

From the Vault

'CH' Words

by MSUKent

Why did the chicken cross the road? To play this Sporcle quiz. (*Crickets*)
Remove Ads.
Support Sporcle.
Get the best of Sporcle when you Go Orange. This ad-free experience offers more features, more stats, and more fun while also helping to support Sporcle. Thank you for becoming a member.

Show Comments

Extras

Top Quizzes Today


Score Distribution

Your Account Isn't Verified!

In order to create a playlist on Sporcle, you need to verify the email address you used during registration. Go to your Sporcle Settings to finish the process.

Report this User

Report this user for behavior that violates our Community Guidelines.

Details: